000
00187 a2200097 4500
020
_a
9781538747254
041
_a
eng
100
_a
Preston, Douglas
245
_a
Crooked river
942
_c
BK
999
_c
31911
_d
31909